000 00924ngm a22003250a 4500
001 PT38953
003 AR-LpoUNG
005 20210201232328.0
007 co ||u|||uuuuu
008 191001s2008||||bl |||||||||||||||||por d
020 _a9788506032176
_c$23,6
040 _aAR-LpoUNG
_bspa
_cAR-LpoUNG
_eaacr
041 _apor
_aspa
044 _abl
082 0 _aR469 695con
100 1 _aVilela, Antonio Carlos
245 1 0 _aDicMichaelis :
_bdicionário escolar com pronúncia das palavras em espanhol
250 _a4ta. ed., 11va. reimpr.
260 _aSão Paulo :
_bMelhoramentos,
_c2008.
505 0 _aAcompaña al impreso
650 4 _aENSEÑANZA DE IDIOMAS
650 4 _aGRAMATICA
650 4 _aLENGUA ESPAÑOLA
650 4 _aLENGUA PORTUGUESA
650 4 _aLINGÜISTICA
651 4 _aDOCUMENTOS TEORICOS O METODOLOGICOS
653 _aDICCIONARIOS DE PORTUGUES
905 _a38953
942 _cLSALA
999 _c53373
_d53373